Roget's 21st century thesaurusin dictionary form : (Record no. 17440)

000 -LEADER
fixed length control field 00653nam a2200193 a 4500
001 - CONTROL NUMBER
control field :::00021389$&:&@@
003 - CONTROL NUMBER IDENTIFIER
control field OkBaRHE
005 - DATE AND TIME OF LATEST TRANSACTION
control field 20100402130755.0
008 - FIXED-LENGTH DATA ELEMENTS--GENERAL INFORMATION
fixed length control field s1992 j 000 0 eng u
040 ## - CATALOGING SOURCE
Transcribing agency
100 1# - MAIN ENTRY--PERSONAL NAME
Personal name Kipfer, Barbara Ann
245 10 - TITLE STATEMENT
Title Roget's 21st century thesaurusin dictionary form :
Remainder of title the essential reference for home, school, or office
250 ## - EDITION STATEMENT
Edition statement 2nd Edition
260 ## - PUBLICATION, DISTRIBUTION, ETC. (IMPRINT)
Place of publication, distribution, etc New York
Name of publisher, distributor, etc Barnes & Nobles
Date of publication, distribution, etc 1992
300 ## - PHYSICAL DESCRIPTION
Extent 957p
650 ## - SUBJECT ADDED ENTRY--TOPICAL TERM
Topical term or geographic name as entry element English language
General subdivision Synonyms and antonyms
942 ## - ADDED ENTRY ELEMENTS (KOHA)
Source of classification or shelving scheme
Koha item type Books
Copies
Copy number Full call number Shelving location Date acquired Koha item type Damaged status Date last seen Withdrawn status Source of classification or shelving scheme Permanent Location Not for loan Barcode Lost status Price effective from
1PE 1591 .K54 1992General Stacks2010-04-14Books 2010-04-14  RHEMA Bible Training College 21389 2010-04-14